Η ψυχανάλυση του παιδιού

Αποθηκεύτηκε σε:
Λεπτομέρειες βιβλιογραφικής εγγραφής
Κύριος συγγραφέας: Smirnoff, Victor
Μορφή: Βιβλίο
Γλώσσα:Greek
Δημοσίευση: [Αθήνα] : Γκοβόστης, [χ.χ.]
Θέματα:
Ετικέτες: Προσθήκη ετικέτας
Δεν υπάρχουν, Καταχωρήστε ετικέτα πρώτοι!

MARC

LEADER 00000nam a2200000 i 4500
001 1/82993
008 960621q19601986 gre d
035 |a 1987  |c Αγορά  |l 10034084 
035 |a 1986  |c Αγορά 
040 |a GR-MY-UA  |b gre  |e aacr 
041 0 |a gre 
082 0 |a 150.195 
100 1 |a Smirnoff, Victor. 
245 1 2 |a Η ψυχανάλυση του παιδιού /  |c Victor Smirnoff 
260 |a [Αθήνα] :   |b Γκοβόστης,   |c [χ.χ.] 
300 |a 252 σ. 
650 0 0 |a Child analysis. 
650 0 0 |a Child psychotherapy. 
650 0 0 |a Psychoanalysis. 
852 |a INST  |b RHODES  |e 19960621  |h 150.195 SMI  |p 005400004737  |q 005400004737  |t BK  |y 0 
852 |a INST  |b RHODES  |e 19960621  |h 150.195 SMI  |p 005400004811  |q 005400004811  |t BK  |y 0 
909 |a Ρ  |b 003227  |c 1986 
909 |a Ρ  |b 006517  |c 1987